Sheher e Arzoo (Record no. 16807)
[ view plain ]
| 000 -LEADER | |
|---|---|
| fixed length control field | 00369nam a22001697a 4500 |
| 003 - CONTROL NUMBER IDENTIFIER | |
| control field | OSt |
| 005 - DATE AND TIME OF LATEST TRANSACTION | |
| control field | 20170105103451.0 |
| 008 - FIXED-LENGTH DATA ELEMENTS--GENERAL INFORMATION | |
| fixed length control field | 140107t xxu||||| |||| 00| 0 eng d |
| 020 ## - INTERNATIONAL STANDARD BOOK NUMBER | |
| International Standard Book Number | 969-35-1819-5 |
| 040 ## - CATALOGING SOURCE | |
| Transcribing agency | ASAB |
| 100 ## - MAIN ENTRY--PERSONAL NAME | |
| Personal name | Ashfaq Ahmad |
| 9 (RLIN) | 536 |
| 210 ## - ABBREVIATED TITLE | |
| Source | shehr e arzo |
| 245 ## - TITLE STATEMENT | |
| Title | Sheher e Arzoo |
| 246 ## - VARYING FORM OF TITLE | |
| Title proper/short title | Shahar e Arzoo |
| 300 3# - PHYSICAL DESCRIPTION | |
| Extent | 340 |
| 942 ## - ADDED ENTRY ELEMENTS (KOHA) | |
| Source of classification or shelving scheme | |
| Koha item type | Book |
| Withdrawn status | Lost status | Source of classification or shelving scheme | Damaged status | Not for loan | Collection code | Permanent Location | Current Location | Date acquired | Total Checkouts | Full call number | Barcode | Date last seen | Price effective from | Koha item type | Date last checked out |
|---|---|---|---|---|---|---|---|---|---|---|---|---|---|---|---|
| Atta-ur-Rahman School of Applied Biosciences (ASAB) | Atta-ur-Rahman School of Applied Biosciences (ASAB) | 01/07/2014 | Fic Ahmad | ASAB2497 | 01/07/2014 | 01/07/2014 | Book | ||||||||
| Atta-ur-Rahman School of Applied Biosciences (ASAB) | Atta-ur-Rahman School of Applied Biosciences (ASAB) | 01/07/2014 | 1 | Fic Ahmad | ASAB2496 | 03/29/2016 | 01/07/2014 | Book | 01/14/2016 | ||||||
| Atta-ur-Rahman School of Applied Biosciences (ASAB) | Atta-ur-Rahman School of Applied Biosciences (ASAB) | 01/07/2014 | 1 | Fic Ahmad | ASAB2495 | 06/16/2016 | 01/07/2014 | Book | 02/16/2016 | ||||||
| Atta-ur-Rahman School of Applied Biosciences (ASAB) | Atta-ur-Rahman School of Applied Biosciences (ASAB) | 01/07/2014 | Fic Ahmad | ASAB2494 | 01/07/2014 | 01/07/2014 | Book | ||||||||
| Atta-ur-Rahman School of Applied Biosciences (ASAB) | Atta-ur-Rahman School of Applied Biosciences (ASAB) | 01/07/2014 | Fic Ahmad | ASAB2493 | 12/03/2015 | 01/07/2014 | Book |
